ბათუმის შოთა რუსთაველის სახელმწიფო უნივერსიტეტის ბიბლიოთეკა

ქვიშის ქალაქი (ბიბ.ჩანაწერი № 48475)

000 -LEADER
fixed length control field 00616nam a2200205Ia 4500
001 - CONTROL NUMBER
control field 15369
003 - CONTROL NUMBER IDENTIFIER
control field GE_BSU
008 - FIXED-LENGTH DATA ELEMENTS--GENERAL INFORMATION
fixed length control field 181216s||||||||xx |||||||||||||| ||und||
040 ## - CATALOGING SOURCE
Transcribing agency GE_BSU
080 ## - UNIVERSAL DECIMAL CLASSIFICATION NUMBER
Universal Decimal Classification number 821.353.1-1
100 ## - MAIN ENTRY--PERSONAL NAME
Personal name ფირცხალაიშვილი,ზურაბ
245 ## - TITLE STATEMENT
Title ქვიშის ქალაქი
245 ## - TITLE STATEMENT
Statement of responsibility, etc. რედ.გ.მოისწრაფიშვილი
260 ## - PUBLICATION, DISTRIBUTION, ETC.
Place of publication, distribution, etc. ბათუმი
260 ## - PUBLICATION, DISTRIBUTION, ETC.
Name of publisher, distributor, etc. საბჭოთა აჭარა
260 ## - PUBLICATION, DISTRIBUTION, ETC.
Date of publication, distribution, etc. 1980
300 ## - PHYSICAL DESCRIPTION
Extent 53გვ.15სმ.
653 ## - INDEX TERM--UNCONTROLLED
Uncontrolled term ქვიშის ქალაქი
942 ## - ADDED ENTRY ELEMENTS (KOHA)
Koha item type წიგნი
ეგზემპლარები
Withdrawn status Lost status Damaged status Not for loan Date acquired Barcode Date last seen Price effective from Koha item type
        2018-12-17 37724 2018-12-17 2018-12-17 წიგნი